Jeff Buckley - Discography - Statistics

General Stats
  • This quiz has been taken 89 times
  • The average score is 30 of 79
Answer Stats
Hint Answer % Correct
Sin-e Lover, You Should've Come Over
99%
Grace Lover, You Should've Come Over
99%
Sin-e Grace
96%
Grace Grace
96%
You and I Grace
96%
Grace Forget Her
80%
Grace Lilac Wine
79%
Sin-e Hallelujah
76%
Grace Hallelujah
76%
You and I Hallelujah
76%
Sin-e Mojo Pin
74%
Grace Mojo Pin
74%
You and I Mojo Pin
74%
Grace So Real
73%
Grace Dream Brother
71%
Grace Last Goodbye
70%
You and I Unforgiven aka Last Goodbye
70%
Sin-e Unforgiven (Last Goodbye)
70%
Sketches Everybody Here Wants You
67%
Grace Corpus Christi Carol
64%
Sin-e Eternal Life
63%
Grace Eternal Life
63%
You and I I Know It's Over
60%
Sketchees Vancouver
51%
You and I Dream of You and I
50%
Grace LE I Want Someone Badly
49%
Sketches You & I
47%
Sketches The Sky Is a Landfill
46%
Grace LE The Other Woman
41%
Sketches Yard of Blonde Girls
41%
Sketches Nightmares By The Sea
40%
Sin-e Je N'en Connais Pa La Fin
39%
You and I Je n'en connais pas la fin
39%
Sketches Witches' Rave
37%
Sketches Opened Once
36%
Sketches Morning Theft
34%
Sketches Your Flesh Is So Nice
31%
Grace LE Alligator Wine
30%
Sketches New Year's Prayer
30%
Sin-e Just Like a Woman
29%
You and I Just Like a Woman
29%
Grace LE Strawberry Street
27%
You and I Strawberry Street
27%
Sketches I Know We Could Be So Happy Baby (If We Wanted To Be)
23%
Grace LE Kanga-Roo
23%
Grace Live Kanga-Roo
23%
Grace LE Mama, You Been On My Mind
23%
You and I The Boy with the Thorn in His Side
23%
Sketches Back in N.Y.C.
21%
You and I Don't Let The Sun Catch You Cryin'
21%
Sketches Jewel Box
21%
Grace LE Lost Highway
19%
Sin-e Night Flight
19%
You and I Night Flight
19%
Sketches Haven't You Heard
17%
You and I Everyday People
16%
Sin-e If You Knew
14%
You and I If You Knew
14%
Sin-e Be Your Husband
13%
Sin-e Calling You
13%
You and I Calling You
13%
Sketches Demon John
13%
You and I A Satisfied Mind
11%
Sketches Murder Suicide Meteor Slave
11%
Sketches Satisfied Mind
11%
Sin-e The Twelfth of Never
11%
Grace Live What Will You Say?
11%
Grace LE Kick Out The Jams
10%
Sin-e Strange Fruit
10%
Sin-e Dink's Song
9%
Grace LE Parchman Farm Blues/Preachin’ Blues
9%
You and I Poor Boy Long Way From Home
9%
Grace Live That's All I Ask
9%
Sin-e The Way Young Lovers Do
9%
Sin-e Drown In My Own Tears
6%
Sin-e I Shall Be Released
6%
Sin-e Sweet Thing
6%
Sin-e Yeh Jo Halka Saroor Hae
6%
Sin-e If You See Her, Say Hello
4%
No matching quizzes found
Score Distribution
Percent of People with Each Score
Percentile by Number Answered
Your Score History
You have not taken this quiz